000 00675nam a2200289Ia 4500
005 20260324143055.0
008 008 260324s9999 xx 000 0 eng d
020 _a9780203160145
037 _aEBOOK
040 _aCRL
040 _beng
040 _cCRL
041 _2eng
041 _aeng
084 _qCRL
100 _aCheryl Turner
_91214278
245 0 _aLiving by the Pen
245 0 _bWomen Writers in the Eighteenth Century
260 _bTaylor and Francis
260 _c1993
365 _a
365 _b220
856 _uhttp://www.taylorfrancis.com/books/9780203160145
942 _cEBOOK
999 _c1819261
_d1819261